000 01245nam0a22002531 4500
001 rc\391086
005 20260407011446.0
035 _a(NLR Aleph) 005640943
090 _a6668278
_c6668278
100 _a20030616d1989 |||y0rusy50 ca
101 0 _arus
102 _aRU
105 _ay |||||||||
200 1 _aОсновы комплексной системы производственной физической культуры
_e(Метод. рекомендации по орг. физкульт.-оздоров. работы на предприятии)
_fРесп. совет ВДФСО профсоюзов, Кирг. гос. ин-т физ. культуры
_g[Сост. М.И. Бочаров, О.С. Логвиненко]
210 _aФрунзе
_cБ. и.
_d1989
215 _a15, [1] с.
_d21
320 _aБиблиогр. в конце кн. (10 назв.)
702 1 _aБочаров
_bМ.И.
_4220
712 0 2 _aВсесоюзное добровольное физкультурно-спортивное о-во профсоюзов
_bКиргизский респ. совет
_3RU\NLR\AUTH\889998814
_9495031
801 0 _aRU
_bNLR
_gpsbo
801 1 _aRU
_bELAR
_2rusmarc
852 _aNLR
_j89-4/11861
942 _cBOOK
980 _aNB